| Registos Bibliográficos associados ao registo de autoridade |
|
Etiqueta de registo: 00254nam 2200025 450 001 2286584 003 http://id.bnportugal.gov.pt/bib/catbnp/2286584 100 ## $a20260520d2025 k y0pory01030103ba 101 0# $aeng$dpor 102 ## $aPT 105 ## $aa m 000yy 106 ## $ar 200 1# $aSupporting environmental management and climate change governance with satellite chlorophyll-a
estimation from space$fFilipe Bernardo da Costa Agostinho Rodrigues Lisboa$gorient. Vanda Brotas, Filipe Duarte Santos 210 #9 $a[S.l.$cs.n.],$d2025 215 ## $a246 p.$cil.$d2025$ecurriculum vitae (5 p.) 328 #1 $aTese dout. Alterações Climáticas e Políticas de Desenvolvimento Sustentável (Ciências
do Ambiente), Faculdade de Ciências, Universidade de Lisboa, 2025 675 ## $a502.13(043)$vBN$zpor$31255778 675 ## $a574.58(043)$vBN$zpor$3326169 675 ## $a551.583(043)$vBN$zpor$31277794 700 #1 $aLisboa,$bFilipe Bernardo da Costa Agostinho Rodrigues,$f1985-$31998829 702 #1 $aBrotas,$bVanda,$f1958-$4727$317634 702 #1 $aSantos,$bFilipe Duarte$4727$3203350 801 #0 $aPT$bBN$gRPC 966 ## $lBN$mFGMON$sS.A. 194015 V.$x1 971 ## $cisantos$d20260520 973 ## $cmlsousa$d20260611 975 ## $e0$d20260625$viquintas
|
|
|